Cirittatu yār? / (Record no. 58021)

MARC details
000 -LEADER
fixed length control field 00528cam a22002055a 4500
001 - CONTROL NUMBER
control field sa 64003601
003 - CONTROL NUMBER IDENTIFIER
control field DLC
005 - DATE AND TIME OF LATEST TRANSACTION
control field 20260227112018.0
008 - FIXED-LENGTH DATA ELEMENTS--GENERAL INFORMATION
fixed length control field 040527s ii 000 j tam
010 ## - LIBRARY OF CONGRESS CONTROL NUMBER
LC control number sa 64003601
040 ## - CATALOGING SOURCE
Original cataloging agency DLC
Transcribing agency DLC
Modifying agency DLC
050 00 - LIBRARY OF CONGRESS CALL NUMBER
Classification number PL4758.9.V3
Item number C5
100 0# - MAIN ENTRY--PERSONAL NAME
Personal name Vācavan̲.
245 10 - TITLE STATEMENT
Title Cirittatu yār? /
Statement of responsibility, etc. Vācavan̲.
250 ## - EDITION STATEMENT
Edition statement 1. patippu.
260 ## - PUBLICATION, DISTRIBUTION, ETC.
Place of publication, distribution, etc. Cen̲a̲i :
Name of publisher, distributor, etc. Vān̲ati Patippakam,
Date of publication, distribution, etc. [1963]
300 ## - PHYSICAL DESCRIPTION
Extent 160 p. ;
Dimensions 18 cm.
546 ## - LANGUAGE NOTE
Language note In Tamil.
650 #0 - SUBJECT ADDED ENTRY--TOPICAL TERM
Topical term or geographic name entry element Short stories, Tamil.

No items available.

Powered by Koha